| 000 | 01734nam a2200421Ia 4500 | ||
|---|---|---|---|
| 001 | ebr10135539 | ||
| 003 | CaPaEBR | ||
| 006 | m u | ||
| 007 | cr cn||||||||| | ||
| 008 | 020815s2003 nyu sb 001 0 eng d | ||
| 010 | _z 2002032174 | ||
| 020 | _z1403981809 | ||
| 020 | _z0312292996 (hbk.) | ||
| 040 |
_aCaPaEBR _cCaPaEBR |
||
| 035 | _a(OCoLC)560536391 | ||
| 050 | 1 | 4 |
_aPS217.I32 _bW55 2003eb |
| 100 | 1 |
_aWilson, Eric, _d1967- |
|
| 245 | 1 | 4 |
_aThe spiritual history of ice _h[electronic resource] : _bromanticism, science, and the imagination / _cEric G. Wilson. |
| 250 | _a1st ed. | ||
| 260 |
_aNew York : _bPalgrave Macmillan, _c2003. |
||
| 300 | _aviii, 278 p. | ||
| 504 | _aIncludes bibliographical references and index. | ||
| 505 | 0 | _aFrozen apocalypse -- Crystals -- Glaciers -- The poles -- Melting and genesis. | |
| 533 |
_aElectronic reproduction. _bPalo Alto, Calif. : _cebrary, _d2009. _nAvailable via World Wide Web. _nAccess may be limited to ebrary affiliated libraries. |
||
| 650 | 0 |
_aAmerican literature _y19th century _xHistory and criticism. |
|
| 650 | 0 | _aIce in literature. | |
| 650 | 0 |
_aEnglish literature _y20th century _xHistory and criticism. |
|
| 650 | 0 |
_aLiterature and science _zEnglish-speaking countries. |
|
| 650 | 0 |
_aRomanticism _zEnglish-speaking countries. |
|
| 650 | 0 | _aCrystals in literature. | |
| 650 | 0 | _aGlaciers in literature. | |
| 651 | 0 |
_aArctic regions _xIn literature. |
|
| 651 | 0 |
_aPolar regions _xIn literature. |
|
| 651 | 0 |
_aAntarctica _xIn literature. |
|
| 655 | 7 |
_aElectronic books. _2local |
|
| 710 | 2 | _aebrary, Inc. | |
| 856 | 4 | 0 |
_uhttp://site.ebrary.com/lib/rucke/Doc?id=10135539 _zAn electronic book accessible through the World Wide Web; click to view |
| 999 |
_c85545 _d85545 |
||